000 01983nam2a22002651 4500
001 RU\NLR\INFOCOMM18\1000224950
005 20250617014715.0
035 _a(NLR Aleph) 002354406
090 _a4522583
_c4522583
100 _a20041115d1976 |||y0rusy50 ca
101 0 _arus
102 _aRU
105 _ay |||||||||
200 1 _aМоделирование сложных химико-технологических систем с помощью ЭВМ
_fД.Л. Душанов
210 _d1976
_aБ. м.
423 0 _12001#$aПрименение аппарата теории чувствительности к исследованию и оптимизации химико-технологических систем$fР. Дитмар и К. Хартманн
_1700#1$aДитмар$bР.$4070
_1701#1$aХартманн$bК.$4070
_tПрименение аппарата теории чувствительности к исследованию и оптимизации химико-технологических систем
_aДитмар, Р.
461 0 _1001RU\NLR\INFOCOMM18\1000224914
_12001#$aСовременные проблемы химии и химической промышленности$fМеждунар. система науч.-техн. информации по химии и хим. пром-сти. Постоянная комис. СЭВ по хим. пром-сти$v1976, Вып.11(36)
_94522469
_cМ.
_d1974-1988
_fМеждунар. система науч.-техн. информации по химии и хим. пром-сти. Постоянная комис. СЭВ по хим. пром-сти
_nНИИТЭХИМ
_tСовременные проблемы химии и химической промышленности
_v1976, Вып.11(36)
700 1 _aДушанов
_bД.Л.
_4070
801 1 _aRU
_bInfoComm
_c20041115
801 0 _aRU
_bNLR
_gPSBO
852 _aNLR
_jП10/5013
942 _cISSUE
980 _aNB
980 _aRUSPER